Capitals Sharing First Letter - Statistics

General Stats
  • This quiz has been taken 59 times
    34 since last reset
  • The average score is 8 of 15
Answer Stats
Country % Correct
Algeria
78%
Ethiopia
74%
Turkey
70%
Chile
67%
Ghana
67%
Madagascar
59%
Eritrea
56%
Jordan
56%
Nigeria
56%
The Bahamas
56%
Bolivia
52%
Turkmenistan
52%
UAE
41%
Kazakhstan
33%
Samoa
30%
No matching quizzes found
Score Distribution
Percent of People with Each Score
Percentile by Number Answered
Your Score History
You have not taken this quiz since the last reset